| 000 | 00807nas a2200253Ia 4500 | ||
|---|---|---|---|
| 001 | R412/38417 | ||
| 003 | IT-RoPAU | ||
| 008 | 151124c99999999xx |||||||||||| ||und|| | ||
| 040 | _aIT-RoPAU | ||
| 040 | _cIT-RoPAU | ||
| 041 | _aITALIANO | ||
| 100 |
_aVenturini Fabrizio _gCodice Aut. SPICS: 7337 |
||
| 210 | _aMUSICA JAZZ | ||
| 222 | _aMusica Jazz | ||
| 245 |
_aMUSICA JAZZ (ANNO 36-N.05)-MAGGIO 1980 _bBlues E Il Diavolo (Il) |
||
| 250 | _a1a ed. | ||
| 260 |
_aMILANO _bMUSICA JAZZ _c1980 |
||
| 501 |
_bPaulus - SPICS - Società San Paolo EM (non-commercial uses only) _cCopyright2015 |
||
| 300 | _a3 p. [2-4] | ||
| 362 | _aANNO 036, N.05)-MAGGIO 1980 | ||
| 500 | _aDiaviolo Nelle Parole del Blues: Studio Delle Origini e Motivi. | ||
| 650 |
_aMUSICA _vPUBBLICAZIONE PERIODICA |
||
| 942 | _cCR | ||
| 999 |
_c161971 _d161971 |
||